Baseball Hall of Famers who Played in both MLB and the Negro Leagues - Statistics

General Stats
  • This quiz has been taken 388 times
  • The average score is 5 of 9
Answer Stats
Negro League Debut Major League Debut Player % Correct
1945 1947 Jackie Robinson
94%
1926 1948 Satchel Paige
91%
1947 1951 Willie Mays
61%
1951 1954 Hank Aaron
59%
1942 1947 Larry Doby
56%
1937 1948 Roy Campanella
45%
1936 1949 Monte Irvin
33%
1950 1953 Ernie Banks
28%
1934 1947 Willard Brown
14%
No matching quizzes found
Score Distribution
Percent of People with Each Score
Percentile by Number Answered
Your Score History
You have not taken this quiz